Report of the Committee on Roads and Transport on the 2024 Annual Budget Estimates of the Ministry of Railways Development (Record no. 4027)
[ view plain ]
| 000 -LEADER | |
|---|---|
| fixed length control field | 00608nam a2200181Ia 4500 |
| 003 - CONTROL NUMBER IDENTIFIER | |
| control field | OSt |
| 005 - DATE AND TIME OF LATEST TRANSACTION | |
| control field | 20260119122532.0 |
| 008 - FIXED-LENGTH DATA ELEMENTS--GENERAL INFORMATION | |
| fixed length control field | 240429s9999||||xx |||||||||||||| ||und|| |
| 041 ## - LANGUAGE CODE | |
| Language code of text/sound track or separate title | English |
| 082 ## - DEWEY DECIMAL CLASSIFICATION NUMBER | |
| Classification number | CR/MoRD/24 Acc No.8232 |
| 110 ## - MAIN ENTRY--CORPORATE NAME | |
| Corporate name or jurisdiction name as entry element | Ministry of Railways Development |
| 245 #0 - TITLE STATEMENT | |
| Title | Report of the Committee on Roads and Transport on the 2024 Annual Budget Estimates of the Ministry of Railways Development |
| 260 ## - PUBLICATION, DISTRIBUTION, ETC. | |
| Place of publication, distribution, etc. | Accra: |
| Name of publisher, distributor, etc. | Parliament of Ghana, |
| Date of publication, distribution, etc. | 2024. |
| 300 ## - PHYSICAL DESCRIPTION | |
| Extent | 12p.: tabs, |
| 653 ## - INDEX TERM--UNCONTROLLED | |
| Uncontrolled term | Ministry of Railways Development |
| 942 ## - ADDED ENTRY ELEMENTS (KOHA) | |
| Koha item type | Committee Reports |
| Source of classification or shelving scheme | Dewey Decimal Classification |
| Suppress in OPAC | No |
| Withdrawn status | Lost status | Source of classification or shelving scheme | Damaged status | Not for loan | Home library | Current library | Shelving location | Date acquired | Total checkouts | Full call number | Date last seen | Copy number | Price effective from | Koha item type |
|---|---|---|---|---|---|---|---|---|---|---|---|---|---|---|
| Dewey Decimal Classification | Main Library | Main Library | Open Shelves | 10/01/2024 | CR/MoRD/24 8232 | 29/04/2024 | C1 | 29/04/2024 | Committee Reports | |||||
| Dewey Decimal Classification | Main Library | Main Library | Open Shelves | 19/01/2026 | Acc No. 8232 | 19/01/2026 | C2 | 19/01/2026 | Committee Reports |